Obfuscation of Album Titles - Statistics

General Stats
  • This quiz has been taken 22 times
  • The average score is 7 of 15
Answer Stats
Hint Answer % Correct
The part of the large sphere of rock that rotates our planet that has little to no light Dark Side of the Moon - Pink Floyd
76%
Lodging that is typically used by tourists in the U.S. State that has the highest population Hotel California - The Eagles
71%
A movie that has an exciting plot, often involving crime or espionage Thriller - Micheal Jackson
71%
Every person's globular organs used for seeing (but the letter used to signify that they are plural is instead the last letter of the alphabet) are directed toward me All Eyez on Me - Tupac
65%
There has been a return but in a color that is the absorbtion of light Back in Black - ACDC
65%
Precipitation that is the secondary color created when blending red and blue Purple Rain - Prince
65%
Person located in the second largest country in North America who is of below average intelligence American Idiot - Green Day
59%
Prepared for the inevitable moment where one ceases to be living Ready to Die - Notorious B.I.G.
53%
I accept the proposition, electronic device for storing and processing data, typically in binary form, according to instructions given to it in a variable program. OK Computer - Radiohead
47%
A natural desire, often for food, but in this case it is for the attacking of something until it is annihilated. Appetite for Destruction - Guns'N'Roses
41%
Street used for vehicles to drive on has same name of popular girls' name, but it has an E which is not typical Abbey Road - The Beatles
35%
Please disregard the statement that was just made Nevermind - Nirvana
35%
Circulating stories or gossip that may or may not be true Rumours - Fleetwood Mac
35%
Self-titled album that is also called album that is a primary color which is 606-668 Terrahertz Weezer - Weezer
18%
The British spelling of the property possessed by an object of producing different sensations on the eye as a result of the way the object reflects or emits light and the geometric figure The Colour and the Shape - Foo Fighters
0%
No matching quizzes found
Score Distribution
Percent of People with Each Score
Percentile by Number Answered
Your Score History
You have not taken this quiz